[Event "ROM-ch U16"]
[Site "Baile Felix"]
[Date "2017.02.07"]
[Round "7"]
[White "Panc, Samuel"]
[Black "Homone, Daniel Ifrim"]
[Result "1/2-1/2"]
[WhiteElo "1542"]
[BlackElo "1614"]
[PlyCount "51"]
[EventDate "2017.02.02"]
[EventType "swiss"]
[EventRounds "9"]
[EventCountry "ROU"]
[SourceTitle "CBM 176 Extra"]
[Source "ChessBase"]
[SourceDate "2017.03.02"]
[SourceVersion "1"]
[SourceVersionDate "2017.03.02"]
[SourceQuality "1"]

1. e4 e6 2. Qe2 c5 3. g3 Nc6 4. c3 Be7 5. Bg2 Qc7 6. f4 d5 7. d3 dxe4 8. dxe4 Nf6 9. Nf3 0-0 10. 0-0 Rd8 11. h3 Qd7 12. Nbd2 Qd3 13. Qxd3 Rxd3 14. e5 Nd5 15. Ne4 Nb6 16. Ne1 Rd8 17. b3 Nd5 18. Nc2 f5 19. exf6 Nxf6 20. Be3 Nxe4 21. Bxe4 e5 22. f5 Bd7 23. Rad1 Be8 24. Na3 Na5 25. Nb1 Bf8 26. Bg2 1/2-1/2

[Event "ROM-ch U16"]
[Site "Baile Felix"]
[Date "2017.02.05"]
[Round "4"]
[White "Gotsman, Szabolcs Mihaly"]
[Black "Homone, Daniel Ifrim"]
[Result "0-1"]
[WhiteElo "1260"]
[BlackElo "1614"]
[PlyCount "118"]
[EventDate "2017.02.02"]
[EventType "swiss"]
[EventRounds "9"]
[EventCountry "ROU"]
[SourceTitle "CBM 176 Extra"]
[Source "ChessBase"]
[SourceDate "2017.03.02"]
[SourceVersion "1"]
[SourceVersionDate "2017.03.02"]
[SourceQuality "1"]

1. c4 e6 2. e3 Nf6 3. a3 c5 4. Nf3 Nc6 5. d3 Be7 6. Be2 0-0 7. b3 b6 8. 0-0 Bb7 9. Bb2 Qc7 10. Nbd2 Rfd8 11. Qc2 d5 12. cxd5 Nxd5 13. Rac1 Rac8 14. Qb1 Qb8 15. Rfe1 Bf6 16. d4 cxd4 17. Nxd4 Nxd4 18. exd4 Nf4 19. Rxc8 Qxc8 20. Bf3 Bxd4 21. Rc1 Qb8 22. Rc4 Bxb2 23. Qxb2 Bxf3 24. gxf3 h6 25. Nf1 Rc8 26. Re4 Qc7 27. Qd2 Nh3+ 28. Kg2 Ng5 29. Rc4 Qb7 30. Rc3 Rxc3 31. Qxc3 Qe7 32. Ng3 Qxa3 33. Qc8+ Kh7 34. Qc2+ f5 35. Nh5 Qe7 36. Nf4 Nf7 37. Nd3 Qg5+ 38. Kf1 Qh5 39. Nf4 Qxf3 40. Nxe6 Qh1+ 41. Ke2 Qe4+ 42. Qxe4 fxe4 43. Nd4 Nd6 44. Nc6 a5 45. Ne5 h5 46. h4 b5 47. Ke3 a4 48. bxa4 bxa4 49. Nc6 a3 50. Nb4 Kg6 51. f3 Nf5+ 52. Kxe4 Nxh4 53. Kf4 Ng2+ 54. Kg3 Ne3 55. f4 Kf5 56. Kf3 Nd1 57. Na2 Nb2 58. Nc3 Nd3 59. Na2 Nxf4 0-1

[Event "ROM-ch U16"]
[Site "Baile Felix"]
[Date "2017.02.04"]
[Round "3"]
[White "Homone, Daniel Ifrim"]
[Black "Cotruta, Alexandru Mihai"]
[Result "0-1"]
[WhiteElo "1614"]
[BlackElo "1854"]
[PlyCount "73"]
[EventDate "2017.02.02"]
[EventType "swiss"]
[EventRounds "9"]
[EventCountry "ROU"]
[SourceTitle "CBM 176 Extra"]
[Source "ChessBase"]
[SourceDate "2017.03.02"]
[SourceVersion "1"]
[SourceVersionDate "2017.03.02"]
[SourceQuality "1"]

1. d4 Nf6 2. Bf4 g6 3. Nf3 Bg7 4. e3 d6 5. Be2 0-0 6. 0-0 Nbd7 7. c4 Re8 8. h3 e5 9. dxe5 dxe5 10. Bxe5 Nxe5 11. Qxd8 Nxf3+ 12. Bxf3 Rxd8 13. Nc3 c6 14. Rad1 Be6 15. b3 Rd7 16. Ne2 Rad8 17. Nd4 Kf8 18. Rb1 Ne8 19. Ne2 Rd2 20. Ng3 Rxa2 21. Bg4 Bxg4 22. hxg4 Nf6 23. g5 Ng4 24. Ne4 h6 25. gxh6 Bxh6 26. Rbe1 Rd3 27. Rd1 Rxd1 28. Rxd1 Nxf2 29. Nxf2 Bxe3 30. Rf1 a5 31. g3 b5 32. cxb5 cxb5 33. Kg2 Rxf2+ 34. Rxf2 Bxf2 35. Kxf2 a4 36. bxa4 bxa4 37. Ke3 0-1